00409nam a2200097 4500008004100000022001400041245008900055260005500144270008900199300002300288240327b |||||||| |||| 00| 0 eng d a2349-3003 aInstitutionalised children explorations and beyond:bA Journal On Alternative Care/ a New DelhibSage publication india pvt. Ltd.c2023 aB-1/I-1 Mohan cooperative Industrial Area , Mathura Road bNew DelhidIndiae110044 aVol 10, No 1c24cm